[Event "Bengaluru Karnataka op"]
[Site "Bengaluru"]
[Date "2018.04.14"]
[Round "2"]
[White "Amogh, Manohar"]
[Black "Kulkarni, Vinayak"]
[Result "0-1"]
[WhiteElo "1149"]
[BlackElo "2179"]
[PlyCount "60"]
[EventDate "2018.04.14"]
[EventType "swiss"]
[EventRounds "10"]
[EventCountry "IND"]
[SourceTitle "CBM 184 Extra"]
[Source "ChessBase"]
[SourceDate "2018.06.28"]
[SourceVersion "1"]
[SourceVersionDate "2018.06.28"]
[SourceQuality "1"]

1. c4 Nf6 2. d4 e6 3. Nf3 c5 4. d5 exd5 5. cxd5 d6 6. Nc3 g6 7. Bg5 Bg7 8. e4 0-0 9. Bc4 a6 10. a4 Bg4 11. h3 Bxf3 12. Qxf3 Nbd7 13. 0-0 Qc7 14. Bf4 Nh5 15. Bh2 Bd4 16. Rfb1 f5 17. e5 Nxe5 18. Bxe5 Bxe5 19. Re1 Rae8 20. Re3 Qd7 21. Rae1 Kh8 22. g4 fxg4 23. Qxg4 Qg7 24. Ne4 Nf6 25. Qe2 Nxe4 26. Rxe4 Rf5 27. f4 Bd4+ 28. Kh1 Ref8 29. Re7 Qh6 30. Rf1 Qxh3+ 0-1